Langues officielles d'Afrique du Sud - Statistiques

Statistiques générales
  • Ce quiz a été pris 109 fois
  • Le résultat moyen est 4 sur 11
Statistiques - réponses
Langues % Correct
2 Anglais
100%
1 Afrikaans
82%
11 Zoulou
71%
10 Xhosa
46%
4 Sotho du Nord
28%
5 Sotho du Sud
28%
8 Tswana
25%
3 Ndébélé du Transvaal
20%
6 Swati
16%
9 Venda
13%
7 Tsonga
12%
Aucun quiz correspondant
Distribution des résultats
% des personnes avec chaque résultat
Percentile par nombre de réponses
Votre historique - résultats
Vous n’avez pas pris ce quiz